00403cam a2200133 a 4500020003500000041000800035082002000043245006200063260005900125300001600184650002600200700002100226700002200247 a0802844278 (pbk. : alk. paper) aENG00a221.071173bHES00aMake the Old Testament live :From Curriculum to Classroom aGrand Rapids, Mich. :bW.B. Eerdmans Pub. Co.,cc1998. ax, 218 p. ; aBible - Old Testament1 aHess, Richard S.1 aWenham, Gordon J.